{"text_format":"3","workbook":"xls","n_sheets":1,"sheets":["山东屹海贸易有限公司"],"not_rendered":{"images":7,"external_links":1,"defined_names":1},"read":"whole","date_system":"1900","formulas":"cached_only"}

{"sheet":"山东屹海贸易有限公司","index":0,"n_rows":10,"n_cols":11,"rows_kept":10,"merged":[[0,0,0,10],[9,0,9,9]],"flags":["formulas_cached_only"]}
["附件：山东屹海贸易有限公司分项报价明细表"]
["序号","名称",null,"品牌","型号","技术指标","单位","数量","单价限价","单价","合计（元）"]
[1,"玻璃杯",null,"水中神",9296," 耐热玻璃 单层容量: 350mL(含)-500mL(含)风格: 形状: 圆形，配杯套，可印制学院名称、学院院徽，参考网址：https://detail.tmall.com/item.htm?abbucket=19&id=725585819784&rn=80fc658d737d05712f21758eaa0a2110&spm=a1z10.3-b-s.w4011-21276307562.110.6311613adlzHfV","个",1000,19,10,10000]
[2,"雨伞",null,"天堂","3311E","不锈钢伞杆，碰击布伞布，规格半径62cm以上（包含）三折伞，雨伞表面可印制学院名称，学院院徽，参考网址：https://detail.tmall.com/item.htm?spm=a230r.1.14.54.77a6727cCAR0Oa&id=542658784218&ns=1&abbucket=2&skuId=3262613740556","把",1000,28,17,17000]
[3,"帆布袋",null,"自制","35*40*10  竖款米白色、黑色","35*40*10  手提绳垂直30公分长 米白色  有底无侧  加印刷单色单面   加内袋   袋口加拉链，参考网址：https://item.taobao.com/item.htm?id=589122920690&ali_refid=a3_430673_1006:1206210163:N:Y2OZp%2FsU0r9ItES1RRMK5w%3D%3D:9f55be2f244a782c9ee91038ce030fa2&ali_trackid=1_9f55be2f244a782c9ee91038ce030fa2&spm=a2e0b.20350158.31919782.2&mt=","个",26000,6,4.7,122200]
[4,"公文包",null,"昂特","黑色16英寸","黑色  16英寸 涤纶(聚酯纤维)  横款  印制学院名称  参考网址： https://item.jd.com/10119760846896.html","个",1000,46,26,26000]
[5,"手机支架",null,"硕图","A122C","碳素钢、便携、 印制学院名称  参考网址：https://item.jd.com/10113902998422.html\n","个",3000,6.9,2.2,6600]
[6,"太阳帽",null,"啄木鸟","MZB414-1E-NB","涤纶(聚酯纤维)、加长檐、宽檐、空顶、简约、通用，运动黑和潮流灰各采购数量的一半。印制学院名称、参考网址：https://item.jd.com/100035877046.html#crumb-wrap","个",2000,25.4,9.7,19400]
[7,"蓝牙耳机",null,"联想（Lenovo）","LP25","单动圈、超长续航、Type-C、IPX4、耳夹式、云岩米色、魔力黑色、天湖蓝色、落樱粉色、宝石绿色，每种颜色100个。外壳印制LOGO，参考网址https://item.jd.com/10121781325016.html#crumb-wrap","个",500,68,64,32000]
["合计",{"$nulls":9},233200]